000
00303nam a2200133Ia 4500
003
OSt
008
191201s2008 xx 000 0 und d
100
_a
MINOLI, Daniel
245
0
_a
Web Commerce Technology Hand Book
260
_a
N. Delhi
_b
TMH
_c
2008
300
_a
621
650
_a
MCA
942
_2
ddc
_c
BK
999
_c
6374
_d
6374